Ecología forestal: el bosque y su medio ambiente
Saved in:
| Hovedforfatter: | |
|---|---|
| Format: | Bog |
| Sprog: | spansk |
| Udgivet: |
Santiago
Universitaria
1992
|
| Udgivelse: | 3a. ed |
| Serier: | Colección Nueva Técnica
|
| Fag: | |
| Tags: |
Tilføj Tag
Ingen Tags, Vær først til at tagge denne postø!
|
MARC
| LEADER | 00000nam a2200000 a 4500 | ||
|---|---|---|---|
| 001 | UCV5909 | ||
| 003 | CL-VaPUC | ||
| 008 | 920907e19920000CL |||||||||||||||||spa|d | ||
| 020 | |a 9561101679 | ||
| 082 | 0 | 4 | |a 577.3 |b DON |2 21 |
| 100 | 0 | |a Donoso Zegers, Claudio |e author |9 300121 | |
| 245 | 1 | 0 | |a Ecología forestal: el bosque y su medio ambiente |
| 250 | |a 3a. ed | ||
| 300 | |a 368 p | ||
| 942 | |c BK | ||
| 945 | |d 19920907 00:00:00 |a mfernand | ||
| 260 | |a Santiago |b Universitaria |c 1992 | ||
| 650 | 0 | |a Ecología forestal |9 262744 | |
| 651 | 7 | |a CHILE |2 CL-VaPUC |9 300122 | |
| 583 | |a last modification |c 19920907 00:00:00 |k Rodrigo Vera | ||
| 490 | 0 | |a Colección Nueva Técnica | |
| 999 | |c 212201 |d 212199 | ||
| 952 | |0 0 |1 0 |4 0 |6 577_300000000000000_DON_1992 |7 0 |8 A |9 192806 |a BIBING |b BIBING |d 2019-11-14 |i 2604361 |o 577.3 DON 1992 |p 2604361 |r 2025-01-20 |w 2019-11-14 |y BK |k GEO | ||
| 952 | |0 0 |1 0 |4 0 |6 577_300000000000000_DON_1992 |7 0 |8 A |9 192807 |a BIBAGR |b BIBAGR |d 2019-11-14 |i 3040623 |o 577.3 DON 1992 |p 3040623 |r 2025-01-20 |w 2019-11-14 |y BK |k AGR | ||
| 952 | |0 0 |1 0 |4 0 |6 577_300000000000000_DON_1992 |7 0 |8 A |9 192808 |a BIBING |b BIBING |d 2019-11-14 |i 4513088 |o 577.3 DON 1992 |p 4513088 |r 2025-01-20 |w 2019-11-14 |y BK |k CCL | ||